|
|
|
|
| LEADER |
00000nam a22000007a 4500 |
| 005 |
20210209222352.0 |
| 007 |
cr|||| |||| |
| 008 |
210209c20159999gb n|w s|||| 0|||b1eng d |
| 022 |
|
|
|a 2056-4902
|
| 035 |
|
|
|a 31929
|
| 040 |
|
|
|a vLex
|
| 090 |
|
|
|c 11130
|d 11130
|
| 245 |
0 |
0 |
|a International Journal of Human Rights in Healthcare
|h [Recurso electrn̤ico] /
|
| 256 |
|
|
|a Servicio en ln̕ea
|
| 260 |
|
|
|a Bingley:
|b Emerald Group Publishing Limited,
|c 2015 -
|
| 300 |
|
|
|a 1 recurso electrn̤ico
|
| 310 |
|
|
|a Irregular
|
| 506 |
1 |
|
|a Disponible solo en los productos indicados
|d vLex Global
|d vLex Global (Academic Edition, excluding Law Schools)
|d vLex Global (U.S. Academic Edition, Law Schools)
|d vLex Global (U.S. Academic Edition, excluding Law Schools)
|d vLex Global (Academic Edition, Law Schools)
|
| 650 |
0 |
4 |
|a Derecho Internacional
|z Reino Unido
|
| 650 |
0 |
4 |
|a Derecho Pb︢lico y Administrativo
|z Reino Unido
|
| 740 |
0 |
|
|a vLex Revistas (Servicio en ln̕ea)
|
| 856 |
4 |
0 |
|u http://vlex.com/source/31929
|z Acceso restringido
|
| 942 |
|
|
|c REV
|
| 999 |
0 |
|
|a International Law
|
| 999 |
0 |
|
|a Public and Administrative Law
|